Chế biến các món ăn ngon
保存先:
| 第一著者: | |
|---|---|
| その他の著者: | |
| フォーマット: | 図書 |
| 言語: | Vietnamese |
| 出版事項: |
H.
Phụ nữ
2001
|
| 主題: | |
| タグ: |
タグ追加
タグなし, このレコードへの初めてのタグを付けませんか!
|
| Thư viện lưu trữ: | Mạng thư viện Đại học Đà Nẵng |
|---|
| LEADER | 01029nam a2200325 4500 | ||
|---|---|---|---|
| 001 | 000013548 | ||
| 003 | 9890 | ||
| 005 | 20120316150335.0 | ||
| 008 | 120316s2001 viesd | ||
| 020 | |c 39000đ | ||
| 041 | 0 | |a vie | |
| 082 | |a 641.7 |b TR-C | ||
| 100 | 0 | |a Triệu, Thị Chơi | |
| 245 | 0 | |a Chế biến các món ăn ngon |c Triệu Thị Chơi, Nguyễn Thị Phụng | |
| 260 | |a H. |b Phụ nữ |c 2001 | ||
| 300 | |a 340 tr. |c 21 cm | ||
| 653 | |a Chế biến | ||
| 653 | |a Các món ngon | ||
| 700 | |a Nguyễn Thị Phụng |e Tác giả | ||
| 910 | |a duyên | ||
| OWN | |a LSP | ||
| AVA | |a UDN50 |b LSP |d 641.7 TR-C |e available |t Error 5001 Not defined in file expand_doc_bib_avail. |f 2 |g 0 |h N |i 0 |k 1 | ||
| 999 | |a From the UDN01 | ||
| AVA | |a UDN50 |b LSP |d 641.7 TR-C |e available |t Error 5001 Not defined in file expand_doc_bib_avail. |f 2 |g 0 |h N |i 0 |k 1 | ||
| TYP | |a Monograph | ||
| TYP | |a Printed language | ||
| 980 | |a Mạng thư viện Đại học Đà Nẵng | ||